|
|
|
|
| LEADER |
00000nam a2200000 i 4500 |
| 001 |
1/60062 |
| 008 |
141120s2014 eng d |
| 020 |
|
|
|a 978-1-4522-7771-4 (pbk.)
|
| 035 |
|
|
|l 10119808
|
| 040 |
|
|
|a GR-MY-UA
|b gre
|e aacr
|
| 041 |
0 |
|
|a eng
|
| 082 |
0 |
|
|a 519.5
|2 (23)
|
| 100 |
1 |
|
|a Salkind, Neil J.
|
| 245 |
1 |
0 |
|a Statistis for people who (think they) hate statistics /
|c Neil J. Salkind
|
| 250 |
|
|
|a 5τth ed.
|
| 260 |
|
|
|a Los Angeles :
|b Sage,
|c c2014
|
| 300 |
|
|
|a xxvii, 483 σ.;
|b πίν., σχέδια;
|c 26 εκ.
|
| 504 |
|
|
|a Ευρετήριο: σ.471-483
|
| 650 |
0 |
0 |
|a Statistics.
|
| 852 |
|
|
|a INST
|b CHIOS
|e 20141120
|h 519.5 SAL
|p 005200035894
|q 005200035894
|t BK
|y 0
|
| 901 |
|
|
|a BIBL2-2014-3
|
| 909 |
|
|
|a Χ
|b 189841
|
| 922 |
|
|
|a 2ΕΛΗ
|b 201406
|c ΤΑΚ/ΤΔΕ
|d ΔΡΕΣ
|
| 970 |
|
|
|a ΣΠΕΝΤΖΑ
|b ΕΛΕΝΗ
|z 2014/11/20
|